书目信息 |
| 题名: |
新世纪复合型土建类专业人才的培养
|
|
| 作者: | 李远富 编 | |
| 分册: | ||
| 出版信息: | 成都 西南交通大学出版社 2005.05 |
|
| 页数: | 176页 | |
| 开本: | 20cm | |
| 丛书名: | ||
| 单 册: | ||
| 中图分类: | TU-53 | |
| 科图分类: | ||
| 主题词: | 土木工程--tu mu gong cheng--高等教育--教学改革--文集 | |
| 电子资源: | ||
| ISBN: | 7-81057-838-3 | |
| 000 | 00839nam0 2200217 450 | |
| 001 | 012006157854 | |
| 005 | 20060921101517.43 | |
| 010 | @a7-81057-838-3@dCNY18.00 | |
| 100 | @a20060707d2005 km y0chiy0120 ea | |
| 101 | 0 | @achi |
| 102 | @aCN@b510000 | |
| 105 | @aa z 000yy | |
| 200 | 1 | @a新世纪复合型土建类专业人才的培养@Axin shi ji fu he xing tu jian lei zhuan ye ren cai de pei yang@f李远富编@Fli yuan fu bian |
| 210 | @a成都@c西南交通大学出版社@d2005.05 | |
| 215 | @a176页@c图@d20cm | |
| 330 | @a本书为西南交大土木工程学院教学改革研究的论文集,针对新世纪复合型土建类专业人才的培养,各有关专业学科进行了一系列的教育教学改革,取得了良好的成效。 | |
| 606 | 0 | @a土木工程@Atu mu gong cheng@x高等教育@x教学改革@j文集 |
| 690 | @aTU-53@v4 | |
| 701 | 0 | @a李远富@Ali yuan fu@4编 |
| 801 | 0 | @aCN@bQSSK@c20060921 |
| 905 | @a10447@dTU-53@eL321 | |
| 新世纪复合型土建类专业人才的培养/李远富编.-成都:西南交通大学出版社,2005.05 |
| 176页:图;20cm |
| ISBN 7-81057-838-3:CNY18.00 |
| 本书为西南交大土木工程学院教学改革研究的论文集,针对新世纪复合型土建类专业人才的培养,各有关专业学科进行了一系列的教育教学改革,取得了良好的成效。 |
| ● |
| 相关链接 |
|
|
|
正题名:新世纪复合型土建类专业人才的培养
索取号:TU-53/L321
 
预约/预借
| 序号 | 登录号 | 条形码 | 馆藏地/架位号 | 状态 | 备注 |
| 1 | 594442 | 205944424 | 建筑库101/101建筑库 13排1列3层/ [索取号:TU-53/L321] | 在馆 | |
| 2 | 594443 | 205944433 | 建筑库101/101建筑库 12排3列2层/ [索取号:TU-53/L321] | 在馆 | |
| 3 | 594444 | 205944442 | 建筑库101/101建筑库 13排1列3层/ [索取号:TU-53/L321] | 在馆 |